000
00308nam a2200097Ia 4500
008
171204s9999 xx 000 0 und d
245
_a
Connected Media in the Future Internet Era:
260
_c
2016
650
_x
ADVANCED OPERATING SYSTEM AND NETWORKING
856
_u
http://down.ebook777.com/051/1493940244.pdf
999
_c
347110
_d
347110